000 00564nam a22001817a 4500
003 SISC
005 20170509090959.0
008 170509b xxu||||| |||| 00| 0 eng d
020 _a0753709090
050 _aPS 1305 .Ad244 2004
100 _aTwain, Mark
245 _aThe complete illustrated works of mark twain
_cMark Twain
260 _aLondon :
_bBounty Books
_c2003
300 _a799 pages.
_c21 cm.
650 _aFinn, Huckleberry -- (Fictitious character) -- Fiction.
650 _aSawyer, Tom (Fictitious character) -- Fiction.
942 _2lcc
_cBK
999 _c329837
_d329837